| 000 | 00576nam a2200217Ia 4500 | ||
|---|---|---|---|
| 999 |
_c44255 _d44255 |
||
| 003 | 0100 | ||
| 005 | 20190213091600.0 | ||
| 008 | 130303s9999 xx 000 0 und d | ||
| 040 | _cARRUPELIB | ||
| 050 | _aREF. N5300.H953 1957 | ||
| 245 |
_aLarousse encyclopedia of prehistoric and ancient art _bart and mankind _cGeneral editor Rene Huyghe |
||
| 250 | _aRev. ed. | ||
| 260 |
_aNew york _bPrometheus Press _c1966 |
||
| 300 |
_a414p. ; _c30cm. |
||
| 440 |
_aArt and mankind _944578 |
||
| 650 |
_aArt, Prehistoric _926697 |
||
| 650 |
_bArt, Ancient _926698 |
||
| 700 |
_aHuyghe , Rene (ed.) _926699 |
||
| 942 |
_2lcc _cREFERENCE |
||